| 000 | 00770nam a2200217 a 4500 | ||
|---|---|---|---|
| 001 | 3334 | ||
| 003 | CDMR | ||
| 005 | 20151019135402.0 | ||
| 008 | 130130s2004||||||||||||||||||||||||||||d | ||
| 020 | _a8439364156 | ||
| 040 |
_aCDMR _bcat _cCPC LLEIDA |
||
| 245 | 1 | 0 |
_aReflexions a l'entorn de RTVE a Catalunya, a començaments del segle XXI _cEnric Castellnou i Alberch, compilador |
| 260 |
_aBarcelona _bGeneralitat de Catalunya. Departament de Presidència _c2004 |
||
| 300 | _a171 p. | ||
| 490 | 0 |
_aTextos i documents (Generalitat de Catalunya) _v26 |
|
| 650 | 0 | 4 |
_93108 _aTelevisió pública _zCatalunya |
| 650 | 0 | 4 |
_93109 _aRàdio pública _zCatalunya |
| 610 | 2 |
_91250 _aRadiotelevisión Española |
|
| 700 | 1 |
_92409 _aCastellnou Alberch, Enric _ecomp. |
|
| 942 |
_cMON _2udc |
||
| 999 |
_c3334 _d3334 |
||